| 000 | 00569cam a2200217 4500 | ||
|---|---|---|---|
| 001 | sa 68014496 | ||
| 003 | DLC | ||
| 005 | 20260227112632.0 | ||
| 008 | 700210s1968 ii 000 0 eng | ||
| 010 | _asa 68014496 //r92 | ||
| 025 | _aPL480:I-E-11079 | ||
| 040 |
_aDLC _cDLC _dDLC |
||
| 050 | 0 | 0 |
_aHF5382.5.I4 _bH75 |
| 082 | 0 | 0 | _a331.7/00954 |
| 110 | 2 | 0 | _aHuman Resources Foundation. |
| 245 | 1 | 0 | _aEmployment opportunities in major companies in India. |
| 260 | 0 |
_aMadras _c[1968] |
|
| 300 |
_a202 p. _c22 cm. |
||
| 350 | _a15.00 | ||
| 650 | 0 |
_aOccupations _zIndia. |
|
| 999 |
_c85836 _d85836 |
||